000 00277nam a2200121Ia 4500
005 20251222141806.0
008 251222s9999||||xx |||||||||||||| ||spa||
020 _a88-7234-001-2
082 _a475.04/B45P
100 _aBernardis, Silvana De
245 0 _aAetates:
942 _cLIB
999 _c6306
_d6306